Prosthetic memory : the transformation of American remembrance in the age of mass culture
Αποθηκεύτηκε σε:
| Κύριος συγγραφέας: | |
|---|---|
| Μορφή: | Βιβλίο |
| Γλώσσα: | English |
| Δημοσίευση: |
New York :
Columbia University Press,
2004.
|
| Θέματα: | |
| Ετικέτες: |
Προσθήκη ετικέτας
Δεν υπάρχουν, Καταχωρήστε ετικέτα πρώτοι!
|
MARC
| LEADER | 00000cam a2200000 a 4500 | ||
|---|---|---|---|
| 001 | 1/120455 | ||
| 008 | 191203s2004####nyu||||||| |||| ||eng|| | ||
| 020 | |a 9780231129275 | ||
| 040 | |a GR-MyUa |b gre |c GR-MyUa |e AACR2 | ||
| 041 | 0 | |a eng | |
| 082 | 7 | |a 306.0973 |2 (23) | |
| 100 | 1 | |a Landsberg, Alison. | |
| 245 | 1 | 0 | |a Prosthetic memory : |b the transformation of American remembrance in the age of mass culture / |c Alison Landsberg. |
| 260 | |a New York : |b Columbia University Press, |c 2004. | ||
| 300 | |a 215 σ. ; |c 23 εκ. | ||
| 650 | 0 | |a Popular culture |z United States. | |
| 650 | 0 | |a Mass media |x Social aspects |z United States. | |
| 650 | 0 | |a Memory |x Social aspects |z United States. | |
| 651 | 0 | |a United States |x Civilization. | |
| 651 | 0 | |a United States |x Politics and government. | |
| 852 | |a INST |b LESVOS |e 20191203 |h 306.0973 LAN |p 005100062944 |q 005100062944 |t BK |y 0 | ||
| 920 | |a ΠΜΣ Κοινωνική και Ιστορική Ανθρωπολογία |y Λέσβος |z 2019-11 | ||
| 970 | |a Δημάκη |b Μαρία |z 03-12-2019 | ||